Statistics for Countries by First and Last Two Letters -

Click here to take the quiz!

General Stats

  • This quiz has been taken 33 times
  • The average score is 351 of 392

Answers on the Map

Answers color-coded by a green-red scale on the quiz's map according to % correct below.
 

Answer Stats

Country% Correct
Afghanistan
96%
Albania
96%
Algeria
96%
Andorra
96%
Angola
96%
Antigua and Barbuda
96%
Argentina
96%
Armenia
96%
Australia
96%
Austria
96%
Azerbaijan
96%
Bhutan
96%
Bolivia
96%
Bosnia and
Herzegovina
96%
Botswana
96%
Bulgaria
96%
Cambodia
96%
Cameroon
96%
Canada
96%
Cape Verde
96%
Chad
96%
Chile
96%
China
96%
Colombia
96%
Costa Rica
96%
Croatia
96%
Democratic Republic
of the Congo
96%
Denmark
96%
Dominica
96%
Estonia
96%
Ethiopia
96%
Federated States of
Micronesia
96%
Gambia
96%
Georgia
96%
Germany
96%
Ghana
96%
Guyana
96%
India
96%
Indonesia
96%
Iran
96%
Jamaica
96%
Japan
96%
Jordan
96%
Kazakhstan
96%
Kyrgyzstan
96%
Latvia
96%
Liberia
96%
Lithuania
96%
Madagascar
96%
Malaysia
96%
Mauritania
96%
Moldova
96%
Monaco
96%
Mongolia
96%
Montenegro
96%
Morocco
96%
Mozambique
96%
Myanmar
96%
Namibia
96%
Nauru
96%
Nigeria
96%
North Macedonia
96%
Oman
96%
Pakistan
96%
Peru
96%
Qatar
96%
Romania
96%
Russia
96%
Saint Lucia
96%
Saudi Arabia
96%
Serbia
96%
Slovakia
96%
Slovenia
96%
Somalia
96%
South Africa
96%
South Sudan
96%
Sri Lanka
96%
Sudan
96%
Syria
96%
Taiwan
96%
Tajikistan
96%
Tanzania
96%
Tunisia
96%
Turkmenistan
96%
United Arab Emirates
96%
United Kingdom
96%
United States
96%
Uzbekistan
96%
Zambia
96%
Albania
92%
Algeria
92%
Angola
92%
Antigua and Barbuda
92%
Australia
92%
Austria
92%
Azerbaijan
92%
Bahrain
92%
Belarus
92%
Belgium
92%
Belize
92%
Benin
92%
Bolivia
92%
Bosnia and
Herzegovina
92%
Botswana
92%
Brazil
92%
Brunei
92%
Burkina Faso
92%
Canada
92%
Central African Republic
92%
Chile
92%
Colombia
92%
Comoros
92%
Costa Rica
92%
Cote d'Ivoire
92%
Cuba
92%
Czech Republic
92%
Denmark
92%
Dominican Republic
92%
East Timor
92%
Egypt
92%
Equatorial Guinea
92%
Eritrea
92%
Estonia
92%
Eswatini
92%
Fiji
92%
Finland
92%
France
92%
Grenada
92%
Guatemala
92%
Guinea
92%
Guinea-Bissau
92%
Guyana
92%
Iceland
92%
India
92%
Indonesia
92%
Iran
92%
Iraq
92%
Ireland
92%
Israel
92%
Italy
92%
Jamaica
92%
Japan
92%
Kuwait
92%
Laos
92%
Latvia
92%
Lebanon
92%
Lesotho
92%
Liberia
92%
Libya
92%
Liechtenstein
92%
Lithuania
92%
Madagascar
92%
Malawi
92%
Malaysia
92%
Maldives
92%
Mali
92%
Malta
92%
Marshall Islands
92%
Mauritania
92%
Mauritius
92%
Mexico
92%
Monaco
92%
Morocco
92%
Nepal
92%
Netherlands
92%
New Zealand
92%
Nicaragua
92%
Niger
92%
Nigeria
92%
North Korea
92%
North Macedonia
92%
Norway
92%
Oman
92%
Pakistan
92%
Palau
92%
Panama
92%
Papua New Guinea
92%
Paraguay
92%
Peru
92%
Philippines
92%
Poland
92%
Portugal
92%
Republic of the Congo
92%
Rwanda
92%
Saint Kitts and Nevis
92%
Saint Lucia
92%
Saint Vincent and the
Grenadines
92%
Samoa
92%
San Marino
92%
São Tomé and Príncipe
92%
Saudi Arabia
92%
Senegal
92%
Seychelles
92%
Sierra Leone
92%
Solomon Islands
92%
Somalia
92%
South Africa
92%
South Korea
92%
South Sudan
92%
Spain
92%
Suriname
92%
Sweden
92%
Switzerland
92%
Thailand
92%
Uganda
92%
Ukraine
92%
United Arab Emirates
92%
United Kingdom
92%
United States
92%
Uruguay
92%
Venezuela
92%
Yemen
92%
Zambia
92%
Zimbabwe
92%
Afghanistan
88%
Bahamas
88%
Bahrain
88%
Bangladesh
88%
Barbados
88%
Belarus
88%
Brazil
88%
Central African Republic
88%
Croatia
88%
Cuba
88%
Cyprus
88%
Djibouti
88%
Ecuador
88%
Egypt
88%
El Salvador
88%
Eritrea
88%
Federated States of
Micronesia
88%
France
88%
Greece
88%
Haiti
88%
Israel
88%
Jordan
88%
Kenya
88%
Kiribati
88%
Libya
88%
Malta
88%
Mauritius
88%
Montenegro
88%
Myanmar
88%
Niger
88%
Philippines
88%
Romania
88%
Senegal
88%
Serbia
88%
Seychelles
88%
Sudan
88%
Suriname
88%
Taiwan
88%
Tajikistan
88%
Tanzania
88%
Thailand
88%
Tunisia
88%
Turkey
88%
Turkmenistan
88%
Tuvalu
88%
Ukraine
88%
Uzbekistan
88%
Vanuatu
88%
Venezuela
88%
Vietnam
88%
Bahamas
85%
Barbados
85%
Bulgaria
85%
Burkina Faso
85%
Burundi
85%
Comoros
85%
Czech Republic
85%
Ethiopia
85%
Ghana
85%
Greece
85%
Grenada
85%
Honduras
85%
Hungary
85%
Kenya
85%
Laos
85%
Lesotho
85%
Slovakia
85%
Slovenia
85%
Sri Lanka
85%
Uganda
85%
Uruguay
85%
Chad
81%
Cote d'Ivoire
81%
Democratic Republic
of the Congo
81%
Dominica
81%
Dominican Republic
81%
East Timor
81%
Ecuador
81%
El Salvador
81%
Equatorial Guinea
81%
Gabon
81%
Gambia
81%
Germany
81%
Hungary
81%
Iraq
81%
Kiribati
81%
Kosovo
81%
Kyrgyzstan
81%
Moldova
81%
Republic of the Congo
81%
Rwanda
81%
Togo
81%
Tonga
81%
Trinidad and Tobago
81%
Vanuatu
81%
Vatican City
81%
Djibouti
77%
Qatar
77%
Sierra Leone
77%
Singapore
77%
Zimbabwe
77%
Bhutan
73%
Kosovo
73%
Kuwait
73%
Luxembourg
73%
Malawi
73%
Marshall Islands
73%
Mozambique
73%
Netherlands
73%
Solomon Islands
73%
Togo
73%
Tonga
73%
Tuvalu
73%
Bangladesh
69%
Belgium
69%
Belize
69%
Cameroon
69%
Cyprus
69%
Gabon
69%
Lebanon
69%
Samoa
69%
Singapore
69%
Burundi
65%
Nicaragua
65%
Trinidad and Tobago
65%
Andorra
62%
Fiji
62%
Luxembourg
54%
Brunei
50%
Vatican City
50%

Score Distribution

Percentile by Number Answered

Percent of People with Each Score

Your Score History

You have not taken this quiz